000 00441nam a22001817a 4500
003 MPLRDC
005 20220104114129.0
008 210129b ||||| |||| 00| 0 eng d
020 _a7-02-000663-9
082 _a782.869 LRS c.2
100 _a石楠
245 _a寒柳: 柳如是传
_c
250 _a一版一刷
260 _a
_b人民文学出版社
_c1988
300 _b
650 _a柳如是传记
942 _cBK
_o782.869 LRS c.2
999 _c5056
_d5046